• 首页
  • 本馆介绍
  • 公告通知
  • 最新文献
  • 馆藏检索
  • 电子资源
  • 读者导购
  • 参考咨询
  • 我的图书馆
  • 登录
  • 详细信息显示
  • 放入我的书架
  • 预约/预借图书
  • 作者相关作品
  • 分类相关作品
  • 丛书相关作品
  • 出版社相关作品

书目信息

  • 表格格式
  • 工作单格式
  • 卡片格式
题名:
H3C交换机配置与管理完全手册
    
 
作者: 王达 编著
分册:  
出版信息: 北京   中国水利水电出版社  2013
页数: 827页
开本: 29cm
丛书名:
单 册:
中图分类: TN915.05
科图分类:
主题词: 以太网--数据交换机--配置 , 以太网 , 数据交换机 , 配置
电子资源:
ISBN: 978-7-5170-0805-7
000 01117nam0 2200277 450
001 523
005 20140910085907.68
010    @a978-7-5170-0805-7@dCNY108.00
100    @a20130821d2013 em y0chiy50 ea
101 0  @achi
102    @aCN@b110000
105    @aa z 000yy
106    @ar
200 1  @aH3C交换机配置与管理完全手册@AH3C Jiao Huan Ji Pei Zhi Yu Guan Li Wan Quan Shou Ce@f王达编著@FWang Da Bian Zhu
205    @a2版
210    @a北京@c中国水利水电出版社@d2013
215    @a827页@c图@d29cm
330    @a全书共19章。从最基础的H3C交换机设备选型,Comware系统的使用与管理,Comwam系统映像、配置文件的管理,以及各种交换机接口、VLAN/GVRP、Super VLAN、Isolate-user-VLAN、MSTP、IRF/IRF2、ACL、端口镜像等配置与管理,到高级的交换机集群、VRRP、QoS、IGMP/IGMP Snooping/PIM IP组播、端口安全、MAC地址认证、IEEE 802.1x认证、Ponal认证、AAA策略配置与管理等。
606 0  @a以太网@x数据交换机@x配置
606 0  @a以太网
606 0  @a数据交换机
606 0  @a配置
690    @aTN915.05@v5
701  0 @a王达@AWang Da@c(网络管理)@4编著
801  0 @aCN@bTANGWEI@c20140603
905    @b0837776-77@dTN915.05@e107=2@f2
    
    H3C交换机配置与管理完全手册/王达编著.-2版.-北京:中国水利水电出版社,2013
    827页:图;29cm
    
    
    ISBN 978-7-5170-0805-7:CNY108.00
    全书共19章。从最基础的H3C交换机设备选型,Comware系统的使用与管理,Comwam系统映像、配置文件的管理,以及各种交换机接口、VLAN/GVRP、Super VLAN、Isolate-user-VLAN、MSTP、IRF/IRF2、ACL、端口镜像等配置与管理,到高级的交换机集群、VRRP、QoS、IGMP/IGMP Snooping/PIM IP组播、端口安全、MAC地址认证、IEEE 802.1x认证、Ponal认证、AAA策略配置与管理等。
●
相关链接 在E读中查询图书 在五车中查询图书 在当当中查询图书 在豆瓣中查询图书


正题名:H3C交换机配置与管理完全手册     索取号:TN915.05/107=2         预约/预借

序号 登录号 条形码 馆藏地/架位号 状态 备注
1 0837776   208377763   第二样本阅览室/ [索取号:TN915.05/107=2] 在馆    
2 0837777   208377772   第三借阅区/ [索取号:TN915.05/107=2] 在馆    
欢迎您!
大连网信软件有限公司© 版权所有